000 00345nam a22001337a 4500
005 20250702175704.0
008 250702b |||||||| |||| 00| 0 eng d
050 _aBS2397
_b.B55 ZUC
100 _aZUCK B. ROY
245 _aA BIBLICAL THEOLOGY OF THE NEW TESTAMENT
260 _aCHICAGO
_bMOODY PRESS
_cc1994
300 _a487p
942 _2lcc
_cBK
_n0
999 _c6822
_d6822